Normal view
MARC view
Entry Topical Term
001 - CONTROL NUMBER
- control field: 55072
003 - CONTROL NUMBER IDENTIFIER
- control field: OSt
005 - DATE AND TIME OF LATEST TRANSACTION
- control field: 20241026131719.0
008 - FIXED-LENGTH DATA ELEMENTS
- fixed length control field: 241026|| aca||aabn | a|a d
040 ## - CATALOGING SOURCE
- Original cataloging agency: OSt
- Transcribing agency: OSt
150 ## - HEADING--TOPICAL TERM
- Topical term or geographic name entry element: ဘုရားသမိုင်း
- Geographic subdivision: မြောက်ဦးမြို့။
670 ## - SOURCE DATA FOUND
- Source citation: Work cat.: (OSt)16780: သာထွန်း၊ ဦး။ 17377, မြောက်ဦးမြို့ဘုရားသမိုင်း /, [ခုနှစ်မပါ]။